000 00476nam a22001817a 4500
005 20250313090609.0
008 250313b |||||||| |||| 00| 0 eng d
020 _a9780071220941
050 _aHD62
_b.7.K385
100 _aKatz, Jerome A.
245 _aEntrepreneurial small business
250 _a3rd
260 _aNew York
_bMcGraw-Hill
_cc2011
300 _axxxiii, 654p;
_bill.;
500 _aincludes subject index
700 _aGreen, Richard P.
942 _2lcc
_cBK
_n0
999 _c4729
_d4729